000 02168cam a2200493 i 4500
001 898924987
003 OCoLC
005 20160916141301.0
008 150205s2015 scua b b 000 1 spa
010 _a2014049250
020 _a9781628555769 (Spanish pbk.)
020 _a1628555769 (Spanish pbk.)
037 _aBRO-copy20151111-054
040 _aDLC
_beng
_erda
_cDLC
_dBTCTA
_dBDX
_dOCLCF
_dSFR
_dUtOrBLW
041 1 _aspa
_heng
042 _apcc
_alcac
050 1 0 _aPZ76.3
_b.G32 2015
092 _aSPANISH jPS
_bGABR
100 1 _aGabriel, Andrea,
_eauthor,
_eillustrator.
240 1 0 _aWandering Woolly.
_lSpanish.
245 1 0 _aLina lanuda, la vagabunda /
_cpor Andrea Gabriel.
260 _aMount Pleasant, SC :
_bArbordale Publishing,
_c[2015]
264 1 _aMount Pleasant, SC :
_bArbordale Publishing,
_c[2015]
300 _a1 volume (unpaged) :
_bcolor illustrations ;
_c26 cm.
336 _atext
_btxt
_2rdacontent.
336 _astill image
_bsti
_2rdacontent.
337 _aunmediated
_bn
_2rdamedia.
338 _avolume
_bnc
_2rdacarrier.
500 _aTranslation from the English of: Wandering Woolly.
504 _aIncludes bibliographical references.
520 _aA young woolly mammoth chases a toad to the river and tumbles in when the glacial ice breaks, then must make a difficult journey, sneaking past cave lions, bears, and humans, trying to return to her herd. Includes an activity and facts about the Clovis people and Ice Age animals.
650 0 _aWoolly mammoth
_vJuvenile fiction.
650 0 _aAnimal behavior
_vJuvenile fiction.
650 0 _aGlacial epoch
_vJuvenile fiction.
650 1 _aWoolly mammoth
_vFiction.
650 1 _aAnimals
_xHabits and behavior
_vFiction.
650 1 _aGlacial epoch
_vFiction.
650 1 _aSpanish language materials.
650 4 _aMamuts lanudos
_vFicci©đn juvenil.
650 4 _aAnimales
_xHabitaciones
_vFicci©đn juvenil.
650 4 _aPer©Ưodos glaciales
_vFicci©đn juvenil.
776 0 8 _iOnline version:
_aGabriel, Andrea, author, illustrator.
_tLina lanuda, la vagabunda
_dMount Pleasant, SC : Arbordale Publishing, 2015
_z9781628555943
_w(DLC) 2015005155.
942 _cBK
999 _c16208
_d16208